000 00949nam a2200229 a 4500
001 72242
003 BD-RjUL
005 20211209082231.0
008 180315s2012 bg ||||| b||| 000 0 ben d
020 _a9789842002816
_cTk. 360.00
035 _a(BD-RjUL)72459
040 _aDLC
_beng
_cDI
_dBD-RjUL
041 _aben
082 0 4 _a363.2095403
_bISA
_223
245 1 0 _aঅবিভক্ত বাংলার পুলিশের ইতিহাস : প্রচীনযুগ থেকে ১৯৪৭ খৃস্টাব্দ /
_cকাবেদুল ইসলাম
260 _aঢাকা :
_bঅ্যাডন পাব ,
_c২০১২
300 _a২১৬ পৃ. ;
_c২৪ সেমি.
504 _aগ্রন্থপঞ্জি সম্বলিত
651 _aবেঙ্গল
_vপুলিশ
_xইতিহাস
_y১৯৪৭
_9220613
651 _aBengal
_vPolice
_xHistory
_y1947
_9220614
942 _2ddc
_cBK
999 _c72242
_d72242